000 00315nam a22001457a 4500
020 _a978-81-8267-896-5
082 _a894.812.3
_bCHA/S
100 _aCHANDRAN, SUBASH
245 _aSAMUDRASILA
260 _aKOZHIKODE
_bMATHRUBHUMI BOOKS
_c2019
300 _a304
520 _aNOVEL
650 _aNOVEL
942 _cBK
999 _c4851
_d4851